[Event "Bad Wörishofen (13.03.-21.03)"]
[Site "?"]
[Date "2003.??.??"]
[Round "2"]
[White "Hennige Anneliese"]
[Black "Rubinstein Mark"]
[Result "0-1"]
[WhiteElo "1236"]
[BlackElo "2014"]
[PlyCount "56"]
[EventDate "2003.??.??"]
[Source "www.chesslib.no"]
[SourceDate "2004.05.04"]

1. e4 e6 2. d4 d5 3. Nc3 Nf6 4. Bd3 c5 5. Nf3 Nc6 6. Be3 Qb6 7. b3 dxe4 8. Bxe4 Qa5 9. Bd2 Nxd4 10. Nxd4 cxd4 11. Ne2 Qb6 12. O-O Nxe4 13. Be1 e5 14. Qd3 Bf5 15. Qf3 Bg6 16. Ng3 Nxg3 17. fxg3 Bc5 18. Kh1 O-O 19. Qe2 e4 20. Qc4 a5 21. a4 e3 22. Rf4 Rfd8 23. Rd1 Rac8 24. h3 Be7 25. Qb5 Qxb5 26. axb5 b6 27. g4 Rxc2 28. Rfxd4 Rxd4 0-1

[Event "Heusweiler (03.04.-11.04)"]
[Site "?"]
[Date "2001.??.??"]
[Round "5"]
[White "Bickelmann Horst"]
[Black "Becker Alois[36Schiffw"]
[Result "0-1"]
[WhiteElo "1544"]
[BlackElo "1563"]
[PlyCount "102"]
[EventDate "2001.??.??"]
[Source "www.chesslib.no"]
[SourceDate "2004.05.04"]

1. e4 e6 2. d4 d5 3. Nc3 Nf6 4. Bd3 b6 5. Nf3 Ba6 6. Bg5 Be7 7. O-O Bxd3 8. Qxd3 O-O 9. Rad1 c6 10. Rfe1 Nfd7 11. Bxe7 Qxe7 12. exd5 cxd5 13. Nxd5 Qd6 14. Nc3 Nc6 15. Ne4 Qd5 16. c3 Qf5 17. Nh4 Qh5 18. Nf3 Ne7 19. Ng3 Qg6 20. Qb5 Nf6 21. h4 Ned5 22. Qa4 Nf4 23. Qb5 N6h5 24. Qg5 Qxg5 25. Nxg5 Nxg3 26. fxg3 Nd5 27. Nf3 Rac8 28. Ne5 Ne7 29. Kh2 Nf5 30. Kh3 Nd6 31. Rd2 Nc4 32. Nxc4 Rxc4 33. d5 Rd8 34. d6 Rd7 35. Re3 Rc6 36. Red3 f6 37. b3 Kf7 38. c4 a5 39. Kg4 g6 40. Kf4 e5+ 41. Ke4 Ke6 42. g4 h5 43. gxh5 f5+ 44. Ke3 gxh5 45. g3 Rcxd6 46. a3 Rxd3+ 47. Rxd3 Rxd3+ 48. Kxd3 Kd6 49. Ke3 Kc5 50. Kd3 e4+ 51. Ke3 a4 0-1

[Event "Lansing, MI"]
[Site "?"]
[Date "2004.09.06"]
[Round "6.6"]
[White "Sawant Nishant"]
[Black "Paulovich Gerald"]
[Result "1/2-1/2"]
[WhiteElo "1652"]
[BlackElo "1400"]
[PlyCount "90"]
[EventDate "2004.??.??"]
[Source "www.chesslib.no"]
[SourceDate "2004.05.04"]

1. e4 e6 2. d4 d5 3. Nc3 Nf6 4. Bd3 a6 5. Nf3 c5 6. exd5 exd5 7. Bg5 Be6 8. dxc5 Bxc5 9. O-O O-O 10. h3 Nbd7 11. Re1 Qb6 12. Be3 Bxe3 13. Rxe3 Nc5 14. Nd4 Rad8 15. Rb1 Nce4 16. Nce2 Qd6 17. c3 Rde8 18. Ng3 Bd7 19. Qc2 Nxg3 20. Rxg3 Re5 21. Rf1 Rfe8 22. Nf3 Rh5 23. Re1 Rxe1+ 24. Nxe1 Qf4 25. Be2 Rg5 26. Rxg5 Qxg5 27. Nf3 Qf5 28. Qb3 Bc8 29. a3 Qg6 30. Qb6 Qe4 31. Bd3 Qe6 32. Qd8+ Qe8 33. Qxe8+ Nxe8 34. Ne5 f6 35. Nf3 Nd6 36. Nd2 b5 37. Kf1 Nc4 38. Bxc4 dxc4 39. Ke2 Kf7 40. Ke3 g5 41. Kd4 Bb7 42. Ne4 Ke6 43. g4 h6 44. f3 a5 45. f4 a4 1/2-1/2

[Event "Kalamazoo, MI"]
[Site "?"]
[Date "2003.09.01"]
[Round "7.17"]
[White "Sawant Nishant"]
[Black "Hill Michael"]
[Result "1-0"]
[WhiteElo "1709"]
[BlackElo "1333"]
[PlyCount "61"]
[EventDate "2003.??.??"]
[Source "www.chesslib.no"]
[SourceDate "2004.05.04"]

1. e4 e6 2. d4 d5 3. Nc3 Nf6 4. Bd3 Be7 5. Nf3 dxe4 6. Nxe4 Nxe4 7. Bxe4 Nd7 8. c3 Nf6 9. Bd3 O-O 10. Bg5 Nd5 11. Bd2 g6 12. h4 Nf6 13. Ne5 Qd5 14. f3 Nd7 15. Bc4 Qd6 16. f4 Nxe5 17. fxe5 Qc6 18. Qe2 b6 19. Bb5 Qd5 20. Bh6 Rd8 21. O-O Bf8 22. Bg5 Bd7 23. Bc4 Bb5 24. Bxb5 Rdc8 25. Bc4 Qd7 26. Ba6 Re8 27. h5 c5 28. Bb5 Qd5 29. Bxe8 Rxe8 30. Qf2 Qb7 31. h6 1-0